[Event "Mittelrhein Verbandsliga-N 18/19"]
[Site "Nordrheinwestfalen"]
[Date "2019.02.10"]
[Round "7.8"]
[White "Gutt, Oswald"]
[Black "Lehmacher, Michael"]
[Result "1-0"]
[WhiteElo "1868"]
[BlackElo "1413"]
[PlyCount "45"]
[EventDate "2018.09.02"]
[EventType "team-tourn"]
[EventRounds "12"]
[EventCountry "GER"]
[SourceTitle "EXT 2022"]
[Source "ChessBase"]
[SourceDate "2021.10.06"]
[SourceVersion "1"]
[SourceVersionDate "2021.10.06"]
[SourceQuality "1"]
[WhiteTeam "Bergische SF"]
[BlackTeam "Baumberg"]
[WhiteTeamCountry "GER"]
[BlackTeamCountry "GER"]

1. d4 d5 2. Nf3 c6 3. c4 dxc4 4. g3 Nf6 5. Bg2 e6 6. 0-0 Be7 7. Ne5 0-0 8. Nc3 Nbd7 9. Nxc4 Nb6 10. Ne5 Qc7 11. Bf4 Nbd5 12. Nxd5 exd5 13. Ng6 Bd6 14. Bxd6 Qxd6 15. Nxf8 Bf5 16. Nxh7 Nxh7 17. Qb3 b6 18. Rac1 Bd7 19. e4 dxe4 20. Bxe4 Nf6 21. Bg2 Re8 22. Qa3 Qxa3 23. bxa3 1-0